000 00500nam a2200169Ia 4500
999 _c91349
_d91349
003 0100
005 20170503112335.0
008 130307s9999 xx 000 0 und d
040 _cARRUPELIB
050 _aDT459.T5 1896
100 _aTheal, George M`Call
_930355
245 4 _aThe Portuguese in South Africa
245 _bwith a description of the native races between the River Zambesi and the Cape of Good Hope during the sixteenth century
260 _bT. Fisher Unwin
_aLondon
_c1896
300 _a324p.
650 _aPortuguese in Africa
_zSouth Africa
_930356
650 _aSouth Africa
_xDescription and travel
_921997
942 _2lcc
_cMONOGRAPH